[Event "Blitz 2018"]
[Site "Saint-Petersburg"]
[Date "2018.12.29"]
[Round "1"]
[Board "87"]
[White "Gasanov Eldar (UKR)"]
[Black "Oganian Miran (RUS)"]
[Result "0-1"]
[BlackElo "2326"]
[WhiteElo "2581"]
[LiveChessVersion "1.4.8"]

1. Nf3 {[%clk 0:03:00]} Nf6 {[%clk 0:03:03]} 2. c4 {[%clk 0:03:00]} e6
{[%clk 0:03:04]} 3. e3 {[%clk 0:02:49]} b6 {[%clk 0:02:56]} 4. b3
{[%clk 0:02:48]} Bb7 {[%clk 0:02:57]} 5. Bb2 {[%clk 0:02:48]} g6 {[%clk 0:02:57]}
6. d4 {[%clk 0:02:42]} Bg7 {[%clk 0:02:58]} 7. Bd3 {[%clk 0:02:38]} O-O
{[%clk 0:02:57]} 8. O-O {[%clk 0:02:37]} Qe7 {[%clk 0:02:58]} 9. Nc3
{[%clk 0:02:28]} c5 {[%clk 0:02:58]} 10. Qe2 {[%clk 0:02:21]} Nc6
{[%clk 0:02:55]} 11. Rad1 {[%clk 0:02:13]} d6 {[%clk 0:02:52]} 12. Bb1
{[%clk 0:02:10]} Rad8 {[%clk 0:02:41]} 13. Rfe1 {[%clk 0:02:04]} Rfe8
{[%clk 0:02:41]} 14. h3 {[%clk 0:02:03]} cxd4 {[%clk 0:02:28]} 15. exd4
{[%clk 0:01:56]} d5 {[%clk 0:02:26]} 16. Nb5 {[%clk 0:01:49]} a6 {[%clk 0:01:55]}
17. Ba3 {[%clk 0:01:45]} Nb4 {[%clk 0:01:52]} 18. Nc3 {[%clk 0:01:37]} a5
{[%clk 0:01:52]} 19. Na4 {[%clk 0:01:30]} dxc4 {[%clk 0:01:41]} 20. bxc4
{[%clk 0:01:28]} Qc7 {[%clk 0:01:41]} 21. Ne5 {[%clk 0:01:21]} Nd7
{[%clk 0:01:28]} 22. Nxd7 {[%clk 0:01:09]} Rxd7 {[%clk 0:01:28]} 23. d5
{[%clk 0:00:59]} Rd6 {[%clk 0:01:01]} 24. Nc3 {[%clk 0:00:57]} Ba6
{[%clk 0:00:49]} 25. Ne4 {[%clk 0:00:57]} Rxd5 {[%clk 0:00:37]} 0-1

[Event "Blitz 2018"]
[Site "Saint-Petersburg"]
[Date "2018.12.29"]
[Round "1"]
[Board "89"]
[White "Popov Valerij (RUS)"]
[Black "Gurvich Vitaly (RUS)"]
[Result "0-1"]
[BlackElo "2302"]
[WhiteElo "2574"]
[LiveChessVersion "1.4.8"]

1. Nf3 {[%clk 0:03:02]} Nf6 {[%clk 0:03:02]} 2. c4 {[%clk 0:03:03]} e6
{[%clk 0:03:00]} 3. g3 {[%clk 0:02:58]} d5 {[%clk 0:03:00]} 4. Bg2
{[%clk 0:02:58]} Be7 {[%clk 0:02:51]} 5. O-O {[%clk 0:02:57]} d4 {[%clk 0:02:34]}
6. e3 {[%clk 0:02:50]} c5 {[%clk 0:02:33]} 7. exd4 {[%clk 0:02:46]} cxd4
{[%clk 0:02:33]} 8. d3 {[%clk 0:02:40]} Nc6 {[%clk 0:02:32]} 9. Re1
{[%clk 0:02:38]} O-O {[%clk 0:02:30]} 10. Na3 {[%clk 0:02:33]} Nd7
{[%clk 0:02:25]} 11. Bf4 {[%clk 0:02:17]} f6 {[%clk 0:01:57]} 12. Nc2
{[%clk 0:01:26]} e5 {[%clk 0:01:55]} 13. Bc1 {[%clk 0:01:21]} a5 {[%clk 0:01:50]}
14. Nh4 {[%clk 0:01:14]} Nc5 {[%clk 0:01:51]} 15. Bd5+ {[%clk 0:00:47]} Be6
{[%clk 0:01:46]} 16. Bxe6+ {[%clk 0:00:46]} Nxe6 {[%clk 0:01:46]} 17. f4
{[%clk 0:00:34]} Qd7 {[%clk 0:01:37]} 18. Qg4 {[%clk 0:00:22]} Rad8
{[%clk 0:01:33]} 19. Nf5 {[%clk 0:00:22]} Kh8 {[%clk 0:01:31]} 20. Bd2
{[%clk 0:00:18]} g6 {[%clk 0:01:25]} 21. Nxe7 {[%clk 0:00:18]} Qxe7
{[%clk 0:01:23]} 22. f5 {[%clk 0:00:16]} 0-1

[Event "Blitz 2018"]
[Site "Saint-Petersburg"]
[Date "2018.12.29"]
[Round "1"]
[Board "90"]
[White "Perdomo Carlos Andres (COL)"]
[Black "Golubov Saveliy (RUS)"]
[Result "0-1"]
[BlackElo "2574"]
[WhiteElo "2301"]
[LiveChessVersion "1.4.8"]

1. Nf3 {[%clk 0:03:02]} Nf6 {[%clk 0:03:03]} 2. c4 {[%clk 0:03:02]} g6
{[%clk 0:03:04]} 3. Nc3 {[%clk 0:03:03]} Bg7 {[%clk 0:03:06]} 4. g3
{[%clk 0:03:03]} O-O {[%clk 0:03:06]} 5. Bg2 {[%clk 0:03:04]} d6 {[%clk 0:03:07]}
6. d4 {[%clk 0:02:57]} Nc6 {[%clk 0:03:08]} 7. O-O {[%clk 0:02:57]} Bd7
{[%clk 0:03:10]} 8. h3 {[%clk 0:02:53]} Qc8 {[%clk 0:03:11]} 9. Kh2
{[%clk 0:02:54]} e5 {[%clk 0:03:12]} 10. dxe5 {[%clk 0:02:33]} dxe5
{[%clk 0:03:09]} 11. Nd5 {[%clk 0:02:33]} Re8 {[%clk 0:02:42]} 12. Ng5
{[%clk 0:01:49]} Nxd5 {[%clk 0:01:38]} 13. cxd5 {[%clk 0:01:47]} Ne7
{[%clk 0:01:19]} 14. d6 {[%clk 0:01:26]} cxd6 {[%clk 0:01:14]} 15. Ne4
{[%clk 0:01:23]} Nf5 {[%clk 0:00:53]} 16. Nxd6 {[%clk 0:01:12]} Nxd6
{[%clk 0:00:54]} 17. Qxd6 {[%clk 0:01:12]} Bc6 {[%clk 0:00:47]} 18. Bxc6
{[%clk 0:01:11]} bxc6 {[%clk 0:00:49]} 19. Be3 {[%clk 0:01:07]} e4
{[%clk 0:00:46]} 20. Rab1 {[%clk 0:01:05]} Qa6 {[%clk 0:00:47]} 21. a3
{[%clk 0:00:53]} Qxe2 {[%clk 0:00:36]} 22. Qxc6 {[%clk 0:00:50]} h5
{[%clk 0:00:37]} 23. Rfe1 {[%clk 0:00:48]} Qf3 {[%clk 0:00:38]} 24. h4
{[%clk 0:00:47]} 0-1

[Event "Blitz 2018"]
[Site "Saint-Petersburg"]
[Date "2018.12.29"]
[Round "1"]
[Board "91"]
[White "Najer Evgeniy (RUS)"]
[Black "Makoveev Ilya (RUS)"]
[Result "1-0"]
[BlackElo "2243"]
[WhiteElo "2573"]
[LiveChessVersion "1.4.8"]

1. e4 {[%clk 0:03:00]} c5 {[%clk 0:03:02]} 2. Nf3 {[%clk 0:03:01]} d6
{[%clk 0:03:03]} 3. d4 {[%clk 0:03:03]} cxd4 {[%clk 0:03:03]} 4. Qxd4
{[%clk 0:03:04]} Nf6 {[%clk 0:03:03]} 5. Be2 {[%clk 0:03:05]} Nc6
{[%clk 0:02:48]} 6. Qe3 {[%clk 0:03:06]} g6 {[%clk 0:02:12]} 7. O-O
{[%clk 0:03:06]} Bg7 {[%clk 0:02:13]} 8. Rd1 {[%clk 0:03:07]} O-O
{[%clk 0:02:07]} 9. h3 {[%clk 0:03:08]} Qb6 {[%clk 0:01:34]} 10. Qxb6
{[%clk 0:02:53]} axb6 {[%clk 0:01:35]} 11. Nc3 {[%clk 0:02:28]} Nb4
{[%clk 0:01:24]} 12. Ne1 {[%clk 0:02:28]} Be6 {[%clk 0:01:20]} 13. a3
{[%clk 0:02:28]} Nd7 {[%clk 0:00:49]} 14. Bd2 {[%clk 0:02:26]} Nc6
{[%clk 0:00:46]} 15. Rab1 {[%clk 0:02:26]} Nc5 {[%clk 0:00:40]} 16. f3
{[%clk 0:02:17]} Rfc8 {[%clk 0:00:28]} 17. Bf1 {[%clk 0:01:18]} Kf8
{[%clk 0:00:24]} 18. Kh1 {[%clk 0:01:18]} Ke8 {[%clk 0:00:24]} 19. Nb5
{[%clk 0:01:08]} Ba2 {[%clk 0:00:19]} 20. Ra1 {[%clk 0:01:09]} Be6
{[%clk 0:00:20]} 21. Bc3 {[%clk 0:01:09]} Bxc3 {[%clk 0:00:14]} 22. Nxc3
{[%clk 0:01:10]} f6 {[%clk 0:00:15]} 23. h4 {[%clk 0:01:08]} Kf7 1-0

[Event "Blitz 2018"]
[Site "Saint-Petersburg"]
[Date "2018.12.29"]
[Round "1"]
[Board "92"]
[White "Gaifullin Artur (RUS)"]
[Black "Tsydypov Zhamsaran (RUS)"]
[Result "0-1"]
[BlackElo "2573"]
[WhiteElo "2231"]
[LiveChessVersion "1.4.8"]

1. d4 {[%clk 0:03:03]} Nf6 {[%clk 0:03:02]} 2. c4 {[%clk 0:03:04]} e6
{[%clk 0:03:01]} 3. Nf3 {[%clk 0:03:05]} b6 {[%clk 0:03:01]} 4. a3
{[%clk 0:03:06]} Bb7 {[%clk 0:03:01]} 5. Nc3 {[%clk 0:03:05]} g6 {[%clk 0:02:59]}
6. d5 {[%clk 0:02:50]} Bg7 {[%clk 0:02:58]} 7. e4 {[%clk 0:02:50]} d6
{[%clk 0:02:47]} 8. Be2 {[%clk 0:02:50]} Nbd7 {[%clk 0:02:42]} 9. O-O
{[%clk 0:02:50]} Nc5 {[%clk 0:02:35]} 10. Qc2 {[%clk 0:02:23]} O-O
{[%clk 0:02:29]} 11. Bd2 {[%clk 0:02:04]} exd5 {[%clk 0:02:18]} 12. exd5
{[%clk 0:02:04]} Re8 {[%clk 0:02:17]} 13. Rfe1 {[%clk 0:01:49]} Nfe4
{[%clk 0:02:04]} 14. Nxe4 {[%clk 0:01:30]} Nxe4 {[%clk 0:02:05]} 15. Be3
{[%clk 0:01:27]} Bc8 {[%clk 0:02:04]} 16. Bd3 {[%clk 0:01:26]} Nc5
{[%clk 0:02:02]} 17. Bxc5 {[%clk 0:01:21]} bxc5 {[%clk 0:02:01]} 18. Rxe8+
{[%clk 0:01:22]} Qxe8 {[%clk 0:02:02]} 19. Re1 {[%clk 0:01:22]} Qd8
{[%clk 0:01:52]} 20. b4 {[%clk 0:01:23]} Bg4 {[%clk 0:01:39]} 21. Nd2
{[%clk 0:01:18]} Rb8 {[%clk 0:01:32]} 22. b5 {[%clk 0:01:19]} Bd7
{[%clk 0:01:15]} 23. Nb3 {[%clk 0:01:01]} a6 {[%clk 0:00:51]} 24. Na5
{[%clk 0:00:46]} axb5 {[%clk 0:00:49]} 25. cxb5 {[%clk 0:00:47]} Qg5
{[%clk 0:00:44]} 0-1

[Event "Blitz 2018"]
[Site "Saint-Petersburg"]
[Date "2018.12.29"]
[Round "1"]
[Board "93"]
[White "Demchenko Anton (RUS)"]
[Black "Guimaraes Diogo Duarte (BRA)"]
[Result "1-0"]
[BlackElo "2228"]
[WhiteElo "2572"]
[LiveChessVersion "1.4.8"]

1. e4 {[%clk 0:03:03]} e5 {[%clk 0:02:15]} 2. Nf3 {[%clk 0:03:04]} Nc6
{[%clk 0:02:16]} 3. Bc4 {[%clk 0:03:05]} Nf6 {[%clk 0:02:16]} 4. d3
{[%clk 0:03:06]} h6 {[%clk 0:02:16]} 5. O-O {[%clk 0:03:05]} Bc5 {[%clk 0:02:16]}
6. c3 {[%clk 0:03:03]} O-O {[%clk 0:02:06]} 7. d4 {[%clk 0:03:04]} Bb6
{[%clk 0:02:07]} 8. dxe5 {[%clk 0:03:02]} Nxe4 {[%clk 0:02:08]} 9. Qd5
{[%clk 0:02:57]} Nc5 {[%clk 0:01:58]} 10. Na3 {[%clk 0:02:50]} d6
{[%clk 0:01:59]} 11. exd6 {[%clk 0:02:50]} cxd6 {[%clk 0:01:52]} 12. Be3
{[%clk 0:02:43]} Be6 {[%clk 0:01:41]} 13. Qh5 {[%clk 0:02:41]} Qf6
{[%clk 0:01:38]} 14. Rad1 {[%clk 0:02:16]} Rad8 {[%clk 0:01:28]} 15. Qh4
{[%clk 0:01:57]} Qxh4 {[%clk 0:01:26]} 16. Nxh4 {[%clk 0:01:58]} Ne5
{[%clk 0:01:27]} 17. Bd5 {[%clk 0:01:05]} Ng4 {[%clk 0:01:18]} 18. Nc4
{[%clk 0:00:46]} Nxe3 {[%clk 0:01:14]} 19. Nxe3 {[%clk 0:00:47]} Na4
{[%clk 0:01:09]} 20. Bb3 {[%clk 0:00:38]} Nxb2 {[%clk 0:01:01]} 21. Rd2
{[%clk 0:00:25]} Bxe3 {[%clk 0:01:02]} 22. fxe3 Nc4 23. Re2 {[%clk 0:00:27]} 1-0

[Event "Blitz 2018"]
[Site "Saint-Petersburg"]
[Date "2018.12.29"]
[Round "1"]
[Board "94"]
[White "Mamatov Melis (KGZ)"]
[Black "Saric Ivan (CRO)"]
[Result "0-1"]
[BlackElo "2572"]
[WhiteElo "2213"]
[LiveChessVersion "1.4.8"]

1. e4 {[%clk 0:03:03]} d6 {[%clk 0:03:04]} 2. d4 {[%clk 0:03:04]} g6
{[%clk 0:03:05]} 3. Nc3 {[%clk 0:03:05]} Bg7 {[%clk 0:03:06]} 4. f4
{[%clk 0:03:05]} Nf6 {[%clk 0:03:06]} 5. Nf3 {[%clk 0:03:05]} O-O
{[%clk 0:03:06]} 6. Bd3 {[%clk 0:03:02]} Nc6 {[%clk 0:03:07]} 7. O-O
{[%clk 0:02:44]} e5 {[%clk 0:03:06]} 8. dxe5 {[%clk 0:02:10]} dxe5
{[%clk 0:03:07]} 9. f5 {[%clk 0:02:10]} Nb4 {[%clk 0:03:08]} 10. Bg5
{[%clk 0:00:52]} Nxd3 {[%clk 0:03:09]} 11. cxd3 {[%clk 0:00:45]} gxf5
{[%clk 0:02:52]} 12. Nd5 {[%clk 0:00:42]} c6 {[%clk 0:02:46]} 13. Nxf6+
{[%clk 0:00:36]} Bxf6 {[%clk 0:02:47]} 14. Bxf6 {[%clk 0:00:33]} Qxf6
{[%clk 0:02:48]} 15. Qe2 {[%clk 0:00:27]} fxe4 {[%clk 0:02:41]} 16. dxe4
{[%clk 0:00:25]} Be6 {[%clk 0:01:56]} 17. Nd4 {[%clk 0:00:11]} Qg6
{[%clk 0:01:35]} 18. Nf5 {[%clk 0:00:11]} Kh8 {[%clk 0:01:32]} 19. Rf3
{[%clk 0:00:08]} Bxf5 {[%clk 0:01:24]} 20. Rxf5 {[%clk 0:00:08]} f6
{[%clk 0:01:19]} 21. Raf1 {[%clk 0:00:08]} Rad8 {[%clk 0:01:15]} 22. Qf2
{[%clk 0:00:05]} 0-1

[Event "Blitz 2018"]
[Site "Saint-Petersburg"]
[Date "2018.12.29"]
[Round "1"]
[Board "95"]
[White "Grachev Boris (RUS)"]
[Black "Yeritsyan Aram (RUS)"]
[Result "1-0"]
[BlackElo "2191"]
[WhiteElo "2571"]
[LiveChessVersion "1.4.8"]

1. Nf3 {[%clk 0:03:01]} Nf6 {[%clk 0:03:02]} 2. d4 {[%clk 0:03:02]} e6
{[%clk 0:03:02]} 3. Bf4 {[%clk 0:03:03]} c5 {[%clk 0:03:03]} 4. e3
{[%clk 0:03:04]} cxd4 {[%clk 0:03:05]} 5. exd4 {[%clk 0:03:05]} b6
{[%clk 0:03:06]} 6. c3 {[%clk 0:02:57]} Be7 {[%clk 0:03:07]} 7. Nbd2
{[%clk 0:02:57]} O-O {[%clk 0:03:06]} 8. h3 {[%clk 0:02:57]} d6 {[%clk 0:03:02]}
9. Bh2 {[%clk 0:02:52]} Ba6 {[%clk 0:02:56]} 10. Bxa6 {[%clk 0:02:52]} Nxa6
{[%clk 0:02:57]} 11. O-O {[%clk 0:02:51]} Nc7 {[%clk 0:02:58]} 12. Qe2
{[%clk 0:02:49]} b5 {[%clk 0:02:59]} 13. Ne1 {[%clk 0:02:40]} Qd7
{[%clk 0:02:57]} 14. Nd3 {[%clk 0:02:40]} Nfd5 {[%clk 0:02:38]} 15. Rfe1
{[%clk 0:02:37]} Nb6 {[%clk 0:02:14]} 16. Rad1 {[%clk 0:02:34]} Rfe8
{[%clk 0:02:13]} 17. Ne4 {[%clk 0:02:30]} Ncd5 {[%clk 0:02:11]} 18. Nf4
{[%clk 0:02:22]} Nxf4 {[%clk 0:02:05]} 19. Bxf4 {[%clk 0:02:23]} Nd5
{[%clk 0:02:07]} 20. Bg3 {[%clk 0:02:20]} a5 {[%clk 0:02:07]} 21. Rc1
{[%clk 0:01:59]} Rec8 {[%clk 0:02:03]} 22. Red1 {[%clk 0:01:59]} Qc6
{[%clk 0:01:57]} 23. Qd3 {[%clk 0:01:46]} Rab8 {[%clk 0:01:41]} 24. a3
{[%clk 0:01:44]} Nb6 {[%clk 0:01:28]} 25. h4 {[%clk 0:01:29]} f5 {[%clk 0:01:22]}
26. Ng5 {[%clk 0:01:22]} Bxg5 {[%clk 0:01:07]} 27. hxg5 {[%clk 0:01:23]} Qd5
{[%clk 0:01:04]} 28. Qe2 {[%clk 0:01:18]} Rc6 {[%clk 0:00:51]} 29. Re1
{[%clk 0:01:08]} Re8 {[%clk 0:00:52]} 30. Rcd1 {[%clk 0:01:02]} 1-0

[Event "Blitz 2018"]
[Site "Saint-Petersburg"]
[Date "2018.12.29"]
[Round "1"]
[Board "96"]
[White "Dubrovin Robert (EST)"]
[Black "Timofeev Artyom (RUS)"]
[Result "0-1"]
[BlackElo "2568"]
[WhiteElo "2176"]
[LiveChessVersion "1.4.8"]

1. d4 {[%clk 0:03:03]} d5 {[%clk 0:03:02]} 2. c4 {[%clk 0:03:05]} e6
{[%clk 0:03:02]} 3. Nc3 {[%clk 0:03:06]} c6 {[%clk 0:03:03]} 4. Nf3
{[%clk 0:03:06]} Nf6 {[%clk 0:03:03]} 5. e3 {[%clk 0:03:08]} Nbd7
{[%clk 0:03:03]} 6. Qc2 {[%clk 0:03:09]} Bd6 7. b3 O-O {[%clk 0:02:58]} 8. Bb2
{[%clk 0:03:11]} Qe7 {[%clk 0:02:40]} 9. Be2 {[%clk 0:03:12]} dxc4
{[%clk 0:02:39]} 10. bxc4 {[%clk 0:03:05]} e5 {[%clk 0:02:40]} 11. c5
{[%clk 0:02:57]} Bc7 {[%clk 0:02:39]} 12. O-O {[%clk 0:02:54]} Re8
{[%clk 0:02:21]} 13. Rfd1 {[%clk 0:02:54]} exd4 {[%clk 0:02:19]} 14. exd4
{[%clk 0:02:50]} Nf8 {[%clk 0:02:19]} 15. Re1 {[%clk 0:02:36]} Be6
{[%clk 0:02:17]} 16. Rad1 {[%clk 0:02:30]} h6 {[%clk 0:01:58]} 17. Bc4
{[%clk 0:02:15]} Qd7 {[%clk 0:01:58]} 18. Bxe6 {[%clk 0:02:11]} Nxe6
{[%clk 0:01:56]} 19. Ne5 {[%clk 0:01:24]} Qe7 {[%clk 0:01:56]} 20. h3
{[%clk 0:01:10]} Rad8 {[%clk 0:01:53]} 21. Ne4 {[%clk 0:01:05]} Bxe5
{[%clk 0:01:48]} 22. dxe5 {[%clk 0:01:01]} Nxe4 {[%clk 0:01:48]} 23. Rxd8
{[%clk 0:00:46]} Rxd8 {[%clk 0:01:48]} 24. Qxe4 {[%clk 0:00:45]} Qxc5
{[%clk 0:01:47]} 25. Re2 {[%clk 0:00:23]} Qd5 {[%clk 0:01:18]} 26. Qg4
{[%clk 0:00:18]} 0-1

[Event "Blitz 2018"]
[Site "Saint-Petersburg"]
[Date "2018.12.29"]
[Round "1"]
[Board "97"]
[White "Zakhartsov Vladimir (RUS)"]
[Black "Al Thebaiti Ahmed M (KSA)"]
[Result "0-1"]
[BlackElo "1976"]
[WhiteElo "2567"]
[LiveChessVersion "1.4.8"]

1. e4 {[%clk 0:03:04]} d5 {[%clk 0:03:05]} 2. exd5 {[%clk 0:03:04]} Nf6
{[%clk 0:03:05]} 3. d4 {[%clk 0:02:59]} Nxd5 {[%clk 0:03:06]} 4. c4
{[%clk 0:03:01]} Nb6 {[%clk 0:03:06]} 5. Nf3 {[%clk 0:03:02]} Bg4
{[%clk 0:03:04]} 6. Be2 {[%clk 0:02:55]} c6 {[%clk 0:03:04]} 7. Nbd2
{[%clk 0:02:48]} g6 {[%clk 0:03:03]} 8. h3 {[%clk 0:02:48]} Bxf3 {[%clk 0:02:52]}
9. Nxf3 {[%clk 0:02:49]} Bg7 {[%clk 0:02:52]} 10. O-O {[%clk 0:02:47]} O-O
{[%clk 0:02:53]} 11. Bf4 {[%clk 0:02:45]} N8d7 {[%clk 0:02:52]} 12. Re1
{[%clk 0:02:41]} Re8 {[%clk 0:02:50]} 13. Bf1 {[%clk 0:02:36]} f6
{[%clk 0:02:43]} 14. Qb3 {[%clk 0:02:34]} Kh8 {[%clk 0:02:41]} 15. Rad1
{[%clk 0:02:27]} Qc8 {[%clk 0:02:41]} 16. Bh2 {[%clk 0:02:23]} e5 17. dxe5
{[%clk 0:02:24]} Nxe5 {[%clk 0:02:23]} 18. Bxe5 {[%clk 0:02:12]} fxe5
{[%clk 0:02:24]} 19. c5 {[%clk 0:02:05]} Nd5 {[%clk 0:02:20]} 20. Bc4
{[%clk 0:01:59]} Nf4 {[%clk 0:02:20]} 21. Ng5 {[%clk 0:01:57]} Rf8
{[%clk 0:02:10]} 22. Nf7+ {[%clk 0:01:51]} Rxf7 {[%clk 0:02:10]} 23. Bxf7
{[%clk 0:01:52]} Qf5 {[%clk 0:01:58]} 24. Bc4 {[%clk 0:01:48]} Rf8
{[%clk 0:01:54]} 25. Qg3 {[%clk 0:01:37]} Qc2 {[%clk 0:01:34]} 26. Bf1
{[%clk 0:01:14]} Qxb2 {[%clk 0:01:17]} 0-1

[Event "Blitz 2018"]
[Site "Saint-Petersburg"]
[Date "2018.12.29"]
[Round "1"]
[Board "98"]
[White "Masrahi Abdulrahman A (KSA)"]
[Black "Teske Henrik (GER)"]
[Result "1-0"]
[BlackElo "2565"]
[WhiteElo "1966"]
[LiveChessVersion "1.4.8"]

1. d4 {[%clk 0:03:02]} Nf6 {[%clk 0:03:01]} 2. Bf4 {[%clk 0:03:02]} d6
{[%clk 0:02:59]} 3. e3 {[%clk 0:03:02]} g6 {[%clk 0:02:58]} 4. h3
{[%clk 0:03:02]} Bg7 {[%clk 0:02:58]} 5. Nf3 {[%clk 0:03:03]} O-O
{[%clk 0:02:55]} 6. Be2 {[%clk 0:03:04]} c5 {[%clk 0:02:55]} 7. c3
{[%clk 0:03:05]} Be6 {[%clk 0:02:52]} 8. O-O {[%clk 0:02:57]} Qb6
{[%clk 0:02:52]} 9. Qc1 {[%clk 0:02:58]} Nc6 {[%clk 0:02:44]} 10. Nbd2
{[%clk 0:02:59]} Rfc8 {[%clk 0:02:31]} 11. Ng5 {[%clk 0:02:46]} Bd7
{[%clk 0:02:30]} 12. Nc4 {[%clk 0:02:10]} Qd8 {[%clk 0:02:21]} 13. dxc5
{[%clk 0:02:02]} dxc5 {[%clk 0:02:00]} 14. Rd1 {[%clk 0:01:54]} b5
{[%clk 0:01:45]} 15. Ne5 {[%clk 0:01:50]} Nxe5 {[%clk 0:01:43]} 16. Bxe5
{[%clk 0:01:50]} Qe8 {[%clk 0:01:38]} 17. c4 {[%clk 0:01:24]} h6 {[%clk 0:01:28]}
18. Nf3 {[%clk 0:01:22]} b4 {[%clk 0:01:25]} 19. a3 {[%clk 0:01:11]} a5
{[%clk 0:01:10]} 20. b3 {[%clk 0:00:50]} Ne4 {[%clk 0:01:01]} 21. Bxg7
{[%clk 0:00:37]} Kxg7 {[%clk 0:01:00]} 22. Qb2+ {[%clk 0:00:25]} 1-0

[Event "Blitz 2018"]
[Site "Saint-Petersburg"]
[Date "2018.12.29"]
[Round "1"]
[Board "99"]
[White "Khanin Semen (RUS)"]
[Black "Al Turky Fahad A (KSA)"]
[Result "1-0"]
[BlackElo "1851"]
[WhiteElo "2564"]
[LiveChessVersion "1.4.8"]

1. e4 {[%clk 0:03:02]} e6 {[%clk 0:02:51]} 2. d4 d5 3. Nc3 {[%clk 0:03:03]} Nf6
{[%clk 0:02:54]} 4. e5 {[%clk 0:03:04]} Nfd7 {[%clk 0:02:55]} 5. f4
{[%clk 0:03:04]} c5 {[%clk 0:02:57]} 6. Nf3 Nc6 7. Be3 {[%clk 0:03:02]} Qb6
{[%clk 0:02:58]} 8. Na4 {[%clk 0:02:52]} Qa5+ {[%clk 0:02:57]} 9. c3
{[%clk 0:02:53]} b6 {[%clk 0:02:52]} 10. Bd2 {[%clk 0:01:33]} b5 {[%clk 0:02:17]}
11. Nxc5 {[%clk 0:01:28]} Nxc5 {[%clk 0:00:53]} 12. dxc5 {[%clk 0:01:28]} a6
{[%clk 0:00:22]} 13. b4 {[%clk 0:01:25]} Qc7 {[%clk 0:00:19]} 14. Bd3
{[%clk 0:01:25]} Be7 {[%clk 0:00:11]} 15. O-O h6 16. Nd4 {[%clk 0:01:18]} O-O
{[%clk 0:00:08]} 17. Qh5 {[%clk 0:01:09]} a5 {[%clk 0:00:03]} 18. Nxb5
{[%clk 0:01:07]} axb4 {[%clk 0:00:03]} 19. Nxc7 {[%clk 0:01:08]} 1-0

[Event "Blitz 2018"]
[Site "Saint-Petersburg"]
[Date "2018.12.29"]
[Round "1"]
[Board "100"]
[White "Alsulaymi Abdullah M (KSA)"]
[Black "Gabrielian Artur (RUS)"]
[Result "0-1"]
[BlackElo "2562"]
[WhiteElo "1833"]
[LiveChessVersion "1.4.8"]

1. e4 {[%clk 0:03:03]} c5 {[%clk 0:03:03]} 2. b4 {[%clk 0:03:04]} b6
{[%clk 0:03:04]} 3. bxc5 {[%clk 0:03:05]} bxc5 {[%clk 0:03:06]} 4. Nf3
{[%clk 0:03:05]} Nc6 {[%clk 0:03:06]} 5. Bc4 {[%clk 0:03:02]} e6 {[%clk 0:03:07]}
6. Nc3 {[%clk 0:03:02]} Rb8 {[%clk 0:03:07]} 7. O-O {[%clk 0:02:56]} Nge7
{[%clk 0:03:09]} 8. d3 {[%clk 0:02:56]} d5 {[%clk 0:03:09]} 9. exd5
{[%clk 0:02:53]} exd5 {[%clk 0:03:10]} 10. Bb5 {[%clk 0:02:48]} d4
{[%clk 0:03:08]} 11. Bxc6+ {[%clk 0:02:44]} Nxc6 {[%clk 0:03:09]} 12. Re1+
{[%clk 0:02:34]} Be7 {[%clk 0:03:10]} 13. Ne4 {[%clk 0:02:35]} O-O
{[%clk 0:03:09]} 14. Ba3 {[%clk 0:02:32]} Qa5 {[%clk 0:02:52]} 15. Qc1
{[%clk 0:02:07]} h6 {[%clk 0:02:53]} 16. c3 {[%clk 0:01:53]} f5 {[%clk 0:02:27]}
17. Ng3 {[%clk 0:01:27]} dxc3 {[%clk 0:01:59]} 18. Ne5 {[%clk 0:01:22]} Nxe5
{[%clk 0:02:00]} 19. Rxe5 {[%clk 0:01:22]} Bg5 {[%clk 0:01:59]} 20. Rxc5
{[%clk 0:01:11]} Qxc5 {[%clk 0:01:48]} 21. Bxc5 {[%clk 0:01:11]} Bxc1
{[%clk 0:01:49]} 22. Bxf8 {[%clk 0:01:10]} Bb2 {[%clk 0:01:48]} 23. Bd6
{[%clk 0:01:11]} Rb6 {[%clk 0:01:44]} 24. Bc5 {[%clk 0:01:00]} Bxa1
{[%clk 0:01:44]} 25. Bxb6 {[%clk 0:01:01]} axb6 {[%clk 0:01:45]} 0-1

[Event "Blitz 2018"]
[Site "Saint-Petersburg"]
[Date "2018.12.29"]
[Round "1"]
[Board "101"]
[White "Moiseenko Vadim (RUS)"]
[Black "Khayat Abdullah F (KSA)"]
[Result "1-0"]
[BlackElo "1709"]
[WhiteElo "2560"]
[LiveChessVersion "1.4.8"]

1. e4 {[%clk 0:03:03]} d5 {[%clk 0:03:03]} 2. exd5 {[%clk 0:03:04]} Qxd5
{[%clk 0:03:04]} 3. Nf3 {[%clk 0:03:03]} Bg4 {[%clk 0:03:05]} 4. Be2
{[%clk 0:03:04]} e6 {[%clk 0:03:06]} 5. O-O {[%clk 0:03:03]} c6 {[%clk 0:03:06]}
6. h3 {[%clk 0:02:58]} Bh5 {[%clk 0:03:06]} 7. Nc3 {[%clk 0:02:56]} Qa5
{[%clk 0:03:07]} 8. d4 {[%clk 0:02:56]} Bd6 {[%clk 0:03:07]} 9. Ne5
{[%clk 0:02:48]} Bxe5 {[%clk 0:02:43]} 10. dxe5 {[%clk 0:02:35]} Bg6
{[%clk 0:02:36]} 11. Qd6 {[%clk 0:02:30]} Nd7 {[%clk 0:02:08]} 12. Rd1
{[%clk 0:02:21]} Rd8 {[%clk 0:01:57]} 13. Bg5 {[%clk 0:02:21]} f6
{[%clk 0:01:37]} 14. Qxe6+ {[%clk 0:02:17]} Ne7 {[%clk 0:01:38]} 15. exf6
{[%clk 0:02:12]} Nxf6 {[%clk 0:00:39]} 16. Bxf6 {[%clk 0:02:10]} gxf6
{[%clk 0:00:31]} 17. Rxd8+ {[%clk 0:01:43]} Qxd8 {[%clk 0:00:27]} 18. Rd1
{[%clk 0:01:44]} Qc7 {[%clk 0:00:27]} 19. Qxf6 {[%clk 0:01:27]} Rf8
{[%clk 0:00:26]} 20. Qe6 {[%clk 0:01:26]} Bf5 {[%clk 0:00:12]} 21. Bh5+
{[%clk 0:01:25]} Bg6 {[%clk 0:00:11]} 22. Bxg6+ {[%clk 0:01:23]} hxg6
{[%clk 0:00:13]} 23. Ne4 {[%clk 0:01:23]} Qf4 {[%clk 0:00:04]} 1-0